Socialwork and Human rights: a foundation for policy and practice. (Record no. 106567)

MARC details
000 -LEADER
fixed length control field 00447nam a2200157Ia 4500
008 - FIXED-LENGTH DATA ELEMENTS--GENERAL INFORMATION
fixed length control field 210210b2003 xxu||||| |||| 00| 0 eng d
020 ## - INTERNATIONAL STANDARD BOOK NUMBER
International Standard Book Number 81 7033 821 2
082 ## - DEWEY DECIMAL CLASSIFICATION NUMBER
Classification number 361.3 REIS
100 ## - MAIN ENTRY--PERSONAL NAME
Personal name REICHERT (Elisabeth).
245 ## - TITLE STATEMENT
Title Socialwork and Human rights: a foundation for policy and practice.
260 ## - PUBLICATION, DISTRIBUTION, ETC.
Place of publication, distribution, etc. ND
Name of publisher, distributor, etc. Rawat Publications
Date of publication, distribution, etc. 2003
300 ## - PHYSICAL DESCRIPTION
Extent xi,295
650 ## - SUBJECT ADDED ENTRY--TOPICAL TERM
Topical term or geographic name entry element Social work Human rights
690 ## - LOCAL SUBJECT ADDED ENTRY--TOPICAL TERM (OCLC, RLIN)
Topical term or geographic name as entry element Social Work
906 ## - LOCAL DATA ELEMENT F, LDF (RLIN)
a 059528
Holdings
Withdrawn status Lost status Damaged status Not for loan Collection code Home library Current library Shelving location Date acquired Source of acquisition Cost, normal purchase price Total Checkouts Full call number Barcode Date last seen Date last checked out Price effective from Koha item type
          St Aloysius Library St Aloysius Library   02/17/2021 Higginbothams (P) Ltd., Mangalore 01. 650.00 2 361.3 REIS 059528 10/30/2024 10/09/2024 02/17/2021 Book